| 000 | 00486nam a2200181Ia 4500 | ||
|---|---|---|---|
| 999 |
_c29149 _d29149 |
||
| 003 | OSt | ||
| 005 | 20201125100858.0 | ||
| 008 | 190216s9999||||xx |||||||||||||| ||und|| | ||
| 020 | _a9788126414772 | ||
| 040 | _coclc | ||
| 082 |
_a894.8123 _bSUM/K |
||
| 100 |
_aSumod _96917 |
||
| 245 | 0 |
_aKhananangalude Ormaykku / _cSumod |
|
| 260 |
_bDc Books, _a Kottayam: _c2007. |
||
| 300 | _a122p | ||
| 650 | _aNovel | ||
| 942 |
_cBK _2ddc _h894.8123 _iSUM/K _k894.8123 _mSUM/K |
||